00000000nam##2200000za#4500
0019.579140
003CaOODSP
00520210624190424
007cr |||||||||||
008150406|1997||||xxc|||||o    f|0| 0 eng|d
022 |a1488-5379
040 |aCaOODSP|beng
043 |an-cn---
0861 |aFs97-6/2158E-PDF
1101 |aCanada. |bDepartment of Fisheries and Oceans.
24510|aContinuous water temperature monitoring in the Nicola River, B.C., 1994 – Implications of high measured temperatures for anadromous salmonids / |h[electronic resource]|cby L.C. Walthers and J.C. Nener.
260 |aVancouver - British Columbia : |bFisheries and Oceans Canada |c1997.
300 |a63p.|bfigs., references, tables
4901 |aCanadian technical report of fisheries and aquatic sciences|x1488-5379|vNo. 2158
500 |aOn t. p. : Fraser River Action Plan, Vancouver, British Columbia. The catalogue number and ISSN for the print edition appear in the PDF version.
546 |a(Résumé en français)
590 |a14-05-Supp|b2014-02-26
7201 |aWalthers, L. C.
7201 |aNener, J. C.
830#0|aCanadian technical report of fisheries and aquatic sciences,|x1488-5379|vNo. 2158|w(CaOODSP)9.504449
85640|ahttp://publications.gc.ca|qPDF|s2015 KB|uhttps://publications.gc.ca/collections/collection_2014/mpo-dfo/Fs97-6-2158-eng.pdf|yNo. 2158